<?xml version="1.0" encoding="UTF-8"?><?xml-stylesheet type="text/xsl" href="static/style.xsl"?><OAI-PMH xmlns="http://www.openarchives.org/OAI/2.0/" xmlns:xsi="http://www.w3.org/2001/XMLSchema-instance" xsi:schemaLocation="http://www.openarchives.org/OAI/2.0/ http://www.openarchives.org/OAI/2.0/OAI-PMH.xsd"><responseDate>2026-04-14T06:11:54Z</responseDate><request verb="GetRecord" identifier="oai:www.recercat.cat:2445/223125" metadataPrefix="marc">https://recercat.cat/oai/request</request><GetRecord><record><header><identifier>oai:recercat.cat:2445/223125</identifier><datestamp>2025-12-04T22:33:01Z</datestamp><setSpec>com_2072_1057</setSpec><setSpec>col_2072_478917</setSpec><setSpec>col_2072_478931</setSpec></header><metadata><record xmlns="http://www.loc.gov/MARC21/slim" xmlns:dcterms="http://purl.org/dc/terms/" xmlns:xsi="http://www.w3.org/2001/XMLSchema-instance" xmlns:doc="http://www.lyncode.com/xoai" xsi:schemaLocation="http://www.loc.gov/MARC21/slim http://www.loc.gov/standards/marcxml/schema/MARC21slim.xsd">
   <leader>00925njm 22002777a 4500</leader>
   <datafield ind2=" " ind1=" " tag="042">
      <subfield code="a">dc</subfield>
   </datafield>
   <datafield ind2=" " ind1=" " tag="720">
      <subfield code="a">Pereda Beltran, Noemí</subfield>
      <subfield code="e">author</subfield>
   </datafield>
   <datafield ind2=" " ind1=" " tag="720">
      <subfield code="a">Tamarit Sumalla, Josep M. (Josep Maria)</subfield>
      <subfield code="e">author</subfield>
   </datafield>
   <datafield ind2=" " ind1=" " tag="720">
      <subfield code="a">Bartolomé-Valenzuela, Marina</subfield>
      <subfield code="e">author</subfield>
   </datafield>
   <datafield ind2=" " ind1=" " tag="260">
      <subfield code="c">2025-09-12T12:56:47Z</subfield>
   </datafield>
   <datafield ind2=" " ind1=" " tag="260">
      <subfield code="c">2025-09-12T12:56:47Z</subfield>
   </datafield>
   <datafield ind2=" " ind1=" " tag="260">
      <subfield code="c">2025</subfield>
   </datafield>
   <datafield ind2=" " ind1=" " tag="260">
      <subfield code="c">2025-09-12T12:56:47Z</subfield>
   </datafield>
   <datafield ind2=" " ind1=" " tag="520">
      <subfield code="a">Sexual abuse within the Catholic Church is a serious social issue and a significant public health problem that has caused exten- sive harm worldwide. In 2022, an independent commission was established in Spain to investigate sexual abuse within the Church. The commission gathered data from 334 victims (82.3% men, 17.7% women), who were predominantly aged between 55 and 74 years old (62.5%). A majority of victims (71.0%) endured sexual abuse involving physical contact, while 21% reported instances of oral, anal, or vaginal penetration. Over half of the victims (57.5%) reported emotional and beha- vioral issues, as well as functional problems, problems in rela- tionships, sexuality, and cognition, and attributed these difficulties to the abuse. The majority of participants (79.0%) had disclosed the abuse before the study, with the Church taking action in 45.8% of cases. Approximately 8.4% of victims reported the perpetrator was relocated, while 16.2% described institutional efforts to conceal the abuse. In conclusion, victims of sexual abuse within the Catholic Church in Spain faced con- sequences that had a significant impact on their lives, exacer- bated by lack of societal recognition and a prevalent dynamic of cover-up and concealment by the Church.</subfield>
   </datafield>
   <datafield tag="653" ind2=" " ind1=" ">
      <subfield code="a">Espanya</subfield>
   </datafield>
   <datafield tag="653" ind2=" " ind1=" ">
      <subfield code="a">Abús sexual envers els infants pel clericat</subfield>
   </datafield>
   <datafield tag="653" ind2=" " ind1=" ">
      <subfield code="a">Spain</subfield>
   </datafield>
   <datafield tag="653" ind2=" " ind1=" ">
      <subfield code="a">Child sexual abuse by clergy</subfield>
   </datafield>
   <datafield ind2="0" ind1="0" tag="245">
      <subfield code="a">Child sexual abuse within the Catholic Church in Spain: A descriptive analysis of its characteristics and long-term impact</subfield>
   </datafield>
</record></metadata></record></GetRecord></OAI-PMH>